Klicke die Landkreise von Mecklenburg-Vorpommern auf einer Karte - Statistiken

Allgemein
  • Dieses Quiz wurde 193 mal gespielt
  • Das Durchschnittsergebnis liegt bei 7 aus 8
Antworten auf der Karte
Die Antworten werden auf der Karte rot bzw. grün angezeigt, abhängig davon wie oft sie richtig erraten wurden.
 
Antwortstatistiken
Antwort % Korrekt
Vorpommern-Rügen
97%
Nordwestmecklenburg
92%
Mecklenburgische Seenplatte
91%
Landkreis Rostock
88%
Stadt Rostock
88%
Schwerin
87%
Ludwigslust-Parchim
86%
Vorpommern-Greifswald
83%
Keine übereinstimmenden Quizze gefunden
Verteilung der Resultate
Anzahl Personen mit jedem Resultat
Perzentil nach korrekt beantworteten Fragen
Ihre Resultats-Entwicklung
Sie haben dieses Quiz noch nicht gespielt